Countries with moose - Statistics

General Stats
  • This quiz has been taken 77 times
  • The average score is 19 of 23
Answer Stats
Answer % Correct
Canada
97%
Finland
97%
Norway
97%
Russia
97%
Sweden
97%
United States
95%
Germany
91%
Latvia
91%
China
90%
Estonia
90%
Lithuania
88%
Poland
88%
Ukraine
88%
Mongolia
86%
Belarus
84%
Czech Republic
78%
Kazakhstan
78%
Romania
74%
Slovakia
74%
Hungary
71%
Moldova
69%
Croatia
45%
New Zealand
3%
No matching quizzes found
Score Distribution
Percent of People with Each Score
Percentile by Number Answered
Your Score History
You have not taken this quiz